000 00654nam a2200241Ia 4500
003 OSt
005 20220923224925.0
006 a|||||r|||| 00| 0
007 ta
008 Pun
024 _a253,680
037 _cTextual
040 _aARTS
_cARTS
_bPun
041 _2Pun
_aPun
082 _aO153,1K30x, N1
100 _aਦੇਵਿੰਦਰ, ਥਦ.
245 0 _aਚੰਬੇ ਦੀ ਬੂਟੀ
260 _c1991
490 _aਸੁਲਤਾਨ ਬਾਹ ਦਾ ਕਲਾਮ
650 _aਪੰਜਾਬੀ ਸਾਹਿਤ
942 _hO153,1K30x, N1
_cTEXL
_2CC
999 _c374697
_d374697